000 00330nam a2200133Ia 4500
008 240624s9999 xx 000 0 und d
041 _aeng
082 _a327.1 GAN
100 _aGANGULY SUMIT
245 _aINDIA PAKISTAN AND THE BOMB DEBATING NUC
260 _c2010
_aNew Delhi
_bPenguin
300 _a132 : p.
365 _cRS
_b20
999 _c17028
_d17028